Top 100 High School Basketball Recruits 2025 - Statistics

General Stats
  • This quiz has been taken 8 times
  • The average score is 9 of 100
Answer Stats
No. Answer High School Committed to % Correct
1 A.J. Dybantsa Utah Prep BYU
86%
3 Cameron Boozer Christopher Columbus Duke
71%
16 Cayden Boozer Christopher Columbus Duke
57%
2 Darryn Peterson Prolific Prep Kansas
57%
18 Jasper Johnson Overtime Elite Kentucky
57%
10 Koa Peat Perry Arizona
57%
6 Chris Cenac Jr. Link Academy Houston
43%
7 Darius Acuff IMG Academy Arkansas
43%
4 Nate Ament Highland Tennessee
43%
13 Alijah Arenas Chatsworth USC
29%
12 Brayden Burries Eleanor Roosevelt Arizona
29%
5 Caleb Wilson Holy Innocents' Episcopal UNC
29%
72 DeWayne Brown Hoover Tennessee
29%
36 Kiyan Anthony Long Island Lutheran Syracuse
29%
8 Mikel Brown Jr. DME Academy Louisville
29%
53 Akai Fleming Overtime Elite Georgia Tech
14%
78 Aleks Alston Kenwood Academy Maryland
14%
17 Braylon Mullins Greenfield Central UConn
14%
47 Davion Hannah Link Academy Alabama
14%
81 Dorian Jones Richmond Heights Rutgers
14%
14 Isiah Harwell Wasatch Academy Houston
14%
97 Jamarion Davis-Fleming Canton Mississippi State
14%
44 Jamier Jones Oak Ridge Providence
14%
84 Jermaine O'Neal Jr. Dynamic Prep SMU
14%
45 Jerry Easter Link Academy USC
14%
22 Kingston Flemings William J. Brennan Houston
14%
11 Meleek Thomas Overtime Elite Arkansas
14%
68 Nigel James Long Island Lutheran Marquette
14%
15 Nikolas Khamenia Harvard Westlake Duke
14%
27 Shon Abaev Calvary Christian Academy Cincinnati
14%
32 Acaden Lewis Sidwell Friends Villanova
0%
59 Alec Blair De La Salle Oklahoma
0%
37 Alexander Lloyd Westminster Academy Florida
0%
63 A'mare Bynum Link Academy Ohio State
0%
80 Amari Evans Overtime Elite Tennessee
0%
92 Antione West Whitmer Purdue
0%
100 Azavier Robinson Lawrence North Butler
0%
79 Billy White III Veterans Memorial SMU
0%
98 Brady Koehler Cathedral Notre Dame
0%
85 Braydon Hawthorne Huntington Prep Kentucky
0%
51 Cam Ward Largo Michigan State
0%
65 Chance Mallory Saint Annes-Belfield Virginia
0%
49 Chris Nwuli Dynamic Prep Rutgers
0%
21 Cornelius Ingram Jr. Montverde Academy Florida
0%
42 Dante Allen Montverde Academy Miami
0%
30 Darius Adams La Lumiere Maryland
0%
33 Davis Fogle AZ Compass Prep Gonzaga
0%
55 Derek Dixon Gonzaga College UNC
0%
38 Dwayne Aristode Brewster Academy Arizona
0%
73 Elzie Harrington St. John's Bosco San Diego State
0%
23 Eric Reibe Bullis UConn
0%
41 Hudson Greer Montverde Academy Creighton
0%
60 Isaiah Denis Davidson Day UNC
0%
69 Isaiah Sealy Springdale Arkansas
0%
93 Jack McCaffery West Butler
0%
54 Jacob Wilkins Grayson Georgia
0%
34 Jaden Toombs Dynamic Prep SMU
0%
19 Jalen Haralson La Lumiere Notre Dame
0%
66 Jalen Reece Oak Ridge LSU
0%
77 Jamarion Batemon Milwaukee Academy of Sciences Iowa State
0%
48 J.J. Mandaquit Utah Prep Washington
0%
67 John Clark Link Academy Texas
0%
86 Jordan Scott South Lakes Michigan State
0%
64 Joshua Lewis Howard W. Blake Louisiana
0%
40 Kaden Magwood Combine Academy Auburn
0%
88 Kai Rogers Overtime Elite Oklahoma
0%
89 Kareem Stagg IMG Academy Georgia
0%
61 Kayden Edwards Duncanville TCU
0%
39 Kayden Mingo Long Island Lutheran Penn State
0%
52 Keyshuan Tillery New Hampton Cincinnati
0%
75 King Grace Faith Family Mississippi State
0%
70 Kohl Rosario Moravian Prep Kansas
0%
43 London Jemison St. Thomas More Alabama
0%
26 Malachi Moreno Great Crossing Kentucky
0%
24 Matt Able The Sagemont NC State
0%
99 Michael Phillips II Grace Christian Sanford Marquette
0%
29 Mouhamed Sylla CIA Bella Vista Prep Georgia Tech
0%
74 Najai Hines Plainfield Seton Hall
0%
82 Nick Randall AZ Compass Prep Missouri
0%
71 Nigel Walls St. Francis Episcopal SMU
0%
35 Niko Bundalo Prolific Prep Ole Miss
0%
57 Nyk Lewis Gonzaga College VCU
0%
50 Paulo Semedo West Oaks Academy Arkansas
0%
83 Ryder Frost Phillips Exeter Academy Notre Dame
0%
28 Sadiq White IMG Academy Syracuse
0%
96 Salim London Hoover UAB
0%
91 Samis Calderon Overtime Elite Kansas
0%
25 Sebastian Wilkins Brewster Academy Duke
0%
46 Sebastian Williams-Adams Saint John's Auburn
0%
31 Shelton Henderson Bellaire Miami
0%
94 Tee Bartlett Overtime Elite Mississippi State
0%
9 Tounde Yessoufou Saint Joseph Baylor
0%
62 Trent Sisley Montverde Academy Indiana
0%
20 Trey McKenney Saint Mary's Preparatory Michigan
0%
95 Tylis Jordan Wheeler Ole Miss
0%
90 Winters Grady Prolific Prep Michigan
0%
56 Xavion Staton Utah Prep BYU
0%
87 Xzavion Mitchell Oshkosh North Iowa State
0%
76 Zach Kinziger De Pere Wisconsin
0%
58 Zymicah Wilkins Christ NC State
0%
No matching quizzes found
Score Distribution
Percent of People with Each Score
Percentile by Number Answered
Your Score History
You have not taken this quiz